000
00226nam a2200109Ia 4500
999
_c
6575
_d
6575
020
_a
978-1259193156
100
_a
David C. Colander
245
0
_a
Economics
260
_a
london
_b
McGraw Hill
_c
1995
300
_a
860
942
_c
BK